Stripping off the veil : women's performances of the veil from street to stage /by Fatima Amrani Zerrifi
Saved in:
| Main Author: | |
|---|---|
| Format: | Thesis |
| Language: | English |
| Published: |
United Kingdom :
School of Performing Arts Department of Theatre and Performance studies, University of Surrey,
2001
|
| Subjects: | |
| Tags: |
Add Tag
No Tags, Be the first to tag this record!
|
| LEADER | 014000000a22003130004500 | ||
|---|---|---|---|
| 008 | 131121n2001 xxk g m 000 0 eng d | ||
| 040 | |a UIAM |b eng |e rda | ||
| 043 | |a e-uk-en | ||
| 050 | 0 | |a PN56.V44 | |
| 100 | 1 | |a Zerrifi, Fatima Amrani, |e author |9 113891 | |
| 245 | 1 | |a Stripping off the veil : |b women's performances of the veil from street to stage /by Fatima Amrani Zerrifi | |
| 264 | 1 | |a United Kingdom : |b School of Performing Arts Department of Theatre and Performance studies, University of Surrey, |c 2001 | |
| 300 | |a x, 369 pages : |b illustrations ; color ; |c 30 cm. | ||
| 336 | |2 rdacontent |a text | ||
| 337 | |2 rdamedia |a unmediated | ||
| 338 | |2 rdacarrier |a volume | ||
| 500 | |a Thesis (Ph. D.)--University of Surrey, 2001. | ||
| 502 | |a "A thesis submitted in fulfilment of the requirement for the degree of Doctor of Philosophy."--On title page. | ||
| 504 | |a Includes bibliographical references (pages 318-369). | ||
| 650 | 0 | |a Veils in literature |9 113892 | |
| 650 | 0 | |a Muslim women in literature |9 113893 | |
| 650 | 0 | |a Veils |z Morocco |9 113894 | |
| 650 | 0 | |a Theater |z Morocco |9 113895 | |
| 655 | 0 | 7 | |a Theses, non-IIUM |
| 710 | 2 | |a University of Surrey |9 113896 | |
| 900 | |a oc-rus-sar | ||
| 942 | |2 lcc |n 0 | ||
| 999 | |c 434312 |d 463175 | ||
| 952 | |0 0 |6 TI PN 000056 V44 Z58S 2001 |7 0 |8 THESES |9 756828 |a IIUM |b IIUM |c MULTIMEDIA |g 640.00 |o ti PN 56 V44 Z58S 2001 |p 00011202286 |r 2017-10-23 |t 1 |v 640.00 |y THESIS | ||
